Chile's rapid growth in the 1990s. good policies, good luck, or political change?

Salvato in:
Dettagli Bibliografici
Autore principale: Jadresic, Esteban
Altri autori: Zahler, Roberto
Natura: Libro
Lingua:inglese
Pubblicazione: Washington International Monetary Fund 2000
Serie:IMF Working Paper WP/00/153
Soggetti:
Tags: Aggiungi Tag
Nessun Tag, puoi essere il primo ad aggiungerne!!

MARC

LEADER 00000nam a2200000 4500
001 c124400
005 20221221082601.7
041 0 |a eng 
044 |a US 
245 1 0 |a Chile's rapid growth in the 1990s.  |b good policies, good luck, or political change?  |c Esteban Jadresic and Roberto Zahler 
264 1 |a Washington  |b International Monetary Fund  |c 2000 
300 |a 35 s. 
490 1 |a IMF Working Paper  |v WP/00/153 
830 0 |a IMF Working Paper  |v WP/00/153 
610 2 0 |a rast hospodársky 
610 2 0 |a rast hospodársky dynamický 
610 2 0 |a politika 
610 2 0 |a politika hospodárska 
610 2 0 |a reformy štruktúrne 
610 2 0 |a reformy hospodárske 
610 2 0 |a Čile 
100 1 |a Jadresic, Esteban 
700 1 |a Zahler, Roberto